[Event "Olympiad Women-44"]
[Site "Chennai"]
[Date "2022.07.29"]
[Round "1.1"]
[White "Mezioud, Amina"]
[Black "Abigail, Karyah"]
[Result "1-0"]
[WhiteElo "2024"]
[BlackElo "1455"]
[PlyCount "119"]
[EventDate "2022.07.29"]
[EventType "team-swiss"]
[EventRounds "11"]
[EventCountry "IND"]
[SourceTitle "CBM 210"]
[Source "ChessBase"]
[SourceDate "2022.10.31"]
[SourceVersion "1"]
[SourceVersionDate "2022.10.31"]
[SourceQuality "1"]
[WhiteTeam "Algeria (W)"]
[BlackTeam "Liberia (W)"]
[WhiteTeamCountry "ALG"]
[BlackTeamCountry "LBR"]

1. e4 e5 2. Nf3 d6 3. d4 exd4 4. Nxd4 Nf6 5. Nc3 Be7 6. Be2 0-0 7. Be3 c5 8. Nb3 Nc6 9. 0-0 Be6 10. f4 Qc7 11. Nd5 Qd8 12. Bf3 Re8 13. Re1 Bf8 14. c4 Rb8 15. Rc1 Bd7 16. Nxf6+ Qxf6 17. e5 Qe6 18. exd6 b6 19. Qd2 Qxd6 20. Qxd6 Bxd6 21. Rcd1 Nd4 22. Nxd4 cxd4 23. Rxd4 Rxe3 24. Rxe3 Bc5 25. Red3 Bg4 26. Kf1 Bxd4 27. Rxd4 Bxf3 28. gxf3 Kf8 29. Rd7 a5 30. Kf2 Ke8 31. Rd5 Rc8 32. b3 Rc6 33. h4 Ke7 34. h5 Ke6 35. Ke3 g6 36. h6 f6 37. Rd8 g5 38. Rg8 Kf5 39. Rg7 gxf4+ 40. Kd3 Re6 41. Rxh7 Kg5 42. Kd2 f5 43. Rh8 Rxh6 44. Rxh6 Kxh6 45. Kd3 Kh5 46. a3 Kg5 47. b4 axb4 48. axb4 Kf6 49. Kd4 Ke6 50. b5 Kd6 51. c5+ bxc5+ 52. Kc4 Kd7 53. Kxc5 Kc7 54. Kd5 Kb6 55. Ke5 Kxb5 56. Kxf4 Kc5 57. Kxf5 Kd5 58. f4 Kd6 59. Kf6 Kd7 60. f5 1-0

[Event "Sousse BICA op 1st"]
[Site "Sousse"]
[Date "2021.12.27"]
[Round "6"]
[White "Srivastava, Arnav1111"]
[Black "Mezioud, Amina"]
[Result "1/2-1/2"]
[WhiteElo "1257"]
[BlackElo "2077"]
[PlyCount "101"]
[EventDate "2021.12.24"]
[EventType "swiss"]
[EventRounds "9"]
[EventCountry "TUN"]
[SourceTitle "CBM 205 Extra"]
[Source "ChessBase"]
[SourceDate "2022.01.31"]
[SourceVersion "1"]
[SourceVersionDate "2022.01.31"]
[SourceQuality "1"]

1. d4 Nf6 2. Nf3 g6 3. Bf4 Bg7 4. e3 d6 5. Bd3 Nh5 6. Bg3 Nd7 7. Nbd2 0-0 8. c3 c6 9. Qc2 b5 10. a4 Qb6 11. axb5 cxb5 12. Qb3 Rb8 13. 0-0 Nxg3 14. hxg3 e5 15. dxe5 Nc5 16. Qc2 Nxd3 17. Qxd3 dxe5 18. Qc2 Be6 19. Ng5 Bd5 20. e4 Bb7 21. Rfd1 h6 22. Ngf3 a6 23. Nb3 Rbc8 24. Na5 Ba8 25. Nb3 Qc6 26. Na5 Qxe4 27. Qxe4 Bxe4 28. Rd6 Ra8 29. Nb3 Bc2 30. Nc5 Rfc8 31. Rdxa6 Rxa6 32. Nxa6 Ra8 33. Rc1 Bf5 34. Nb4 Be4 35. Re1 f5 36. Rd1 Re8 37. Rd7 f4 38. g4 Ba8 39. Nh4 Kh7 40. Nd5 Bxd5 41. Rxd5 Bf6 42. Nf3 e4 43. Nd4 e3 44. fxe3 fxe3 45. Kf1 Bg5 46. Ke2 Re4 47. Nf3 Bf6 48. g5 hxg5 49. Nxg5+ Bxg5 50. Rxg5 b4 51. Rg3 1/2-1/2

[Event "FIDE World Cup (Women)"]
[Site "Krasnaya Polyana"]
[Date "2021.07.12"]
[Round "1.1"]
[White "Mezioud, Amina"]
[Black "Osmak, Iulija"]
[Result "0-1"]
[WhiteElo "2071"]
[BlackElo "2418"]
[PlyCount "100"]
[EventDate "2021.07.12"]
[EventType "k.o."]
[EventRounds "7"]
[EventCountry "RUS"]
[SourceTitle "CBM 203"]
[Source "ChessBase"]
[SourceDate "2021.08.31"]
[SourceVersion "1"]
[SourceVersionDate "2021.08.31"]
[SourceQuality "1"]

1. e4 c5 2. c3 Nf6 3. e5 Nd5 4. d4 cxd4 5. cxd4 d6 6. Nf3 e6 7. Nc3 Nxc3 8. bxc3 Nc6 9. exd6 Bxd6 10. Bd3 h6 11. 0-0 0-0 12. Bc2 Ne7 13. Qd3 Ng6 14. Re1 Bd7 15. a4 Rc8 16. Ne5 Bxe5 17. Rxe5 Bc6 18. c4 Qh4 19. d5 Bxd5 20. cxd5 Rxc2 21. Qxc2 Nxe5 22. Bb2 Qc4 23. Qd2 Nd3 24. Ba3 Rd8 25. d6 Nf4 26. a5 Qd4 27. Qxd4 Ne2+ 28. Kf1 Nxd4 29. Rd1 Nb5 30. Bc5 Rd7 31. Bb4 f6 32. f4 Kf7 33. Kf2 a6 34. Ke3 Ke8 35. Ke4 Rd8 36. f5 Kd7 37. g4 Rc8 38. fxe6+ Kxe6 39. Kf3 Kd7 40. h4 Rc4 41. Rb1 g5 42. hxg5 hxg5 43. Rb2 Rd4 44. Rb1 Rd5 45. Rb2 Nxd6 46. Bxd6 Kxd6 47. Rxb7 Rxa5 48. Ke4 Ra4+ 49. Kf5 Rf4+ 50. Kg6 a5 0-1

[Event "Titled Tuesday intern op 7th April"]
[Site "Chess.com INT"]
[Date "2020.04.07"]
[Round "5"]
[White "Mezioud, Amina"]
[Black "Maksimovic, Masa"]
[Result "0-1"]
[WhiteElo "2071"]
[BlackElo "2009"]
[PlyCount "62"]
[EventDate "2020.04.07"]
[EventType "swiss (blitz)"]
[EventRounds "10"]
[EventCountry "USA"]
[SourceTitle "EXT 2021"]
[Source "ChessBase"]
[SourceDate "2020.10.23"]
[SourceVersion "1"]
[SourceVersionDate "2020.10.23"]
[SourceQuality "1"]

1. e4 c5 2. Nc3 g6 3. f4 Bg7 4. Nf3 e6 5. Bc4 Ne7 6. 0-0 d5 7. Bb5+ Bd7 8. Bxd7+ Qxd7 9. d3 dxe4 10. Nxe4 b6 11. Qe1 Nbc6 12. Kh1 0-0 13. Bd2 Bxb2 14. c3 f5 15. Neg5 Bxa1 16. Qh4 Nd5 17. Rxa1 Nf6 18. Re1 Rae8 19. h3 a6 20. Ne5 Nxe5 21. fxe5 Nd5 22. d4 f4 23. Ne4 Qe7 24. Qf2 cxd4 25. cxd4 a5 26. Qf3 Rc8 27. Bc1 Rc2 28. Ba3 Qh4 29. Rg1 Rfc8 30. Nd6 R8c3 31. Qd1 Qxh3+ 0-1

[Event "Titled Tuesday intern op 7th April"]
[Site "Chess.com INT"]
[Date "2020.04.07"]
[Round "4"]
[White "Przybylski, Wojciech"]
[Black "Mezioud, Amina"]
[Result "1-0"]
[WhiteElo "2321"]
[BlackElo "2071"]
[PlyCount "73"]
[EventDate "2020.04.07"]
[EventType "swiss (blitz)"]
[EventRounds "10"]
[EventCountry "USA"]
[SourceTitle "EXT 2021"]
[Source "ChessBase"]
[SourceDate "2020.10.23"]
[SourceVersion "1"]
[SourceVersionDate "2020.10.23"]
[SourceQuality "1"]

1. e4 c5 2. Nf3 Nc6 3. Bb5 g6 4. 0-0 Bg7 5. c3 Qa5 6. Qe2 Nf6 7. a4 0-0 8. Na3 d6 9. h3 a6 10. Bxc6 bxc6 11. Nc4 Qc7 12. d3 e5 13. a5 Be6 14. Nb6 Rab8 15. Ng5 Nd7 16. Nxe6 fxe6 17. Nxd7 Qxd7 18. c4 Rb3 19. Kh2 Rfb8 20. h4 Qf7 21. g3 h6 22. Kg2 Kh7 23. f4 exf4 24. gxf4 Qd7 25. h5 Qf7 26. Rf3 gxh5 27. e5 Rg8 28. Kh1 d5 29. f5 exf5 30. Bf4 Rgb8 31. e6 Qe7 32. Bxb8 Rxb8 33. Rxf5 Rxb2 34. Qxh5 Qxe6 35. Rg1 dxc4 36. Rf7 Qd5+ 37. Qxd5 1-0

[Event "Arab-chT (Women)"]
[Site "Hammamet"]
[Date "2019.03.04"]
[Round "3.1"]
[White "Mezioud, Amina"]
[Black "Mohammed, Jannar Worya"]
[Result "1-0"]
[WhiteElo "2121"]
[BlackElo "1912"]
[PlyCount "58"]
[EventDate "2019.03.03"]
[EventType "team-tourn"]
[EventRounds "6"]
[EventCountry "TUN"]
[SourceTitle "CBM 190 Extra"]
[Source "ChessBase"]
[SourceDate "2019.07.15"]
[SourceVersion "1"]
[SourceVersionDate "2019.07.15"]
[SourceQuality "1"]
[WhiteTeam "Algeria (W)"]
[BlackTeam "Iraq (W)"]
[WhiteTeamCountry "ALG"]
[BlackTeamCountry "IRQ"]

1. e4 d5 2. exd5 Qxd5 3. d4 Nf6 4. Nc3 Qa5 5. Nf3 Bg4 6. Be2 e6 7. 0-0 Nbd7 8. h3 Bxf3 9. Bxf3 c6 10. Bf4 Be7 11. a3 Nd5 12. Nxd5 cxd5 13. Qe2 0-0 14. b4 Qd8 15. c4 Nb6 16. c5 Nc4 17. Qa2 Bf6 18. Rad1 Rc8 19. b5 Be7 20. Be2 b6 21. Bxc4 dxc4 22. Qxc4 bxc5 23. d5 exd5 24. Rxd5 Qa5 25. Rd7 Rfe8 26. Bd6 Kf8 27. Qe4 f6 28. Qxh7 Rcd8 29. Bxe7+ Rxe7 1-0

[Event "Arab-ch (Women)"]
[Site "Dubai"]
[Date "2018.12.04"]
[Round "8"]
[White "Mezioud, Amina"]
[Black "Boshra, Alshaeby"]
[Result "1-0"]
[WhiteElo "2065"]
[BlackElo "2019"]
[PlyCount "155"]
[EventDate "2018.11.28"]
[EventType "swiss"]
[EventRounds "9"]
[EventCountry "UAE"]
[SourceTitle "CBM 187 Extra"]
[Source "ChessBase"]
[SourceDate "2018.11.04"]
[SourceVersion "1"]
[SourceVersionDate "2018.11.04"]
[SourceQuality "1"]

1. e4 c5 2. Nf3 g6 3. d4 cxd4 4. Nxd4 Bg7 5. Nc3 Nc6 6. Nb3 Nf6 7. Be2 0-0 8. 0-0 d6 9. Bg5 Be6 10. Kh1 Qc8 11. f4 Rd8 12. Bf3 Bc4 13. Re1 Qc7 14. Nd5 Bxd5 15. exd5 Nb4 16. c3 Na6 17. Re3 Re8 18. Qe2 h6 19. Bh4 Qb6 20. Re1 Nc7 21. Qd2 Qb5 22. c4 Qa6 23. Qa5 b6 24. Qxa6 Nxa6 25. Rxe7 Rxe7 26. Rxe7 Nb4 27. f5 gxf5 28. Bg3 Rd8 29. a3 Nd3 30. Re2 f4 31. Bh4 Rc8 32. Rc2 Ne5 33. Bxf6 Bxf6 34. Be2 b5 35. c5 dxc5 36. Nxc5 Nc4 37. Nd3 Bg5 38. b3 Nd6 39. Rxc8+ Nxc8 40. Kg1 Be7 41. Nxf4 Bd6 42. Nh5 Nb6 43. Nf6+ Kf8 44. Bxb5 Bxa3 45. Bc6 Nc8 46. Kf2 Ke7 47. Ng8+ Kd6 48. Nxh6 Ke7 49. Kf3 Nd6 50. Ng4 f6 51. Ne3 Bb4 52. g4 Bc3 53. h4 Be1 54. h5 Bh4 55. h6 Kf7 56. Nf5 Nxf5 57. gxf5 Be1 58. Be8+ Kg8 59. Bg6 Bb4 60. Ke4 Bf8 61. h7+ Kg7 62. Kd4 Bd6 63. Kc4 a6 64. b4 Be7 65. Kb3 Bd6 66. Ka4 Bc7 67. Bh5 Kxh7 68. Be2 Kh6 69. Bxa6 Kg5 70. Bc8 Kf4 71. Kb5 Ke5 72. Kc6 Bb8 73. b5 Bd6 74. Be6 Bb4 75. b6 Ba3 76. b7 Bd6 77. Kd7 Bb8 78. Kc8 1-0

[Event "Olympiad Women-43"]
[Site "Batumi"]
[Date "2018.10.02"]
[Round "8.1"]
[White "Mezioud, Amina"]
[Black "Khomeriki, Nino"]
[Result "1/2-1/2"]
[WhiteElo "2056"]
[BlackElo "2313"]
[PlyCount "139"]
[EventDate "2018.09.24"]
[EventType "team-swiss"]
[EventRounds "11"]
[EventCountry "GEO"]
[SourceTitle "EXT 2020"]
[Source "ChessBase"]
[SourceDate "2019.10.17"]
[SourceVersion "1"]
[SourceVersionDate "2019.10.17"]
[SourceQuality "1"]
[WhiteTeam "Algeria (W)"]
[BlackTeam "Georgia (W) III"]
[WhiteTeamCountry "ALG"]
[BlackTeamCountry "GEO"]

1. e4 e5 2. Nf3 Nc6 3. Bc4 Nf6 4. d3 Be7 5. 0-0 0-0 6. c3 d5 7. exd5 Nxd5 8. Re1 Bg4 9. h3 Bh5 10. g4 Bg6 11. Nxe5 Nxe5 12. Rxe5 Nb6 13. Re1 Bd6 14. Nd2 Nxc4 15. Nxc4 Bxd3 16. Nxd6 Qxd6 17. Qa4 Qg6 18. Bf4 c5 19. Qd7 Rad8 20. Qc7 f5 21. g5 Be4 22. Re3 Rc8 23. Qd6 Qh5 24. Be5 Qe8 25. Bf4 Rc6 26. Qd1 Qf7 27. f3 Bd5 28. b3 Rcc8 29. Qe1 Rfe8 30. Kg2 Qh5 31. Qd2 Bc6 32. Rae1 Rxe3 33. Rxe3 h6 34. gxh6 g5 35. Be5 Qxh6 36. Qd3 Rf8 37. Bd6 Rf7 38. Bxc5 g4 39. Qd8+ Kh7 40. hxg4 fxg4 41. Qd3+ Qg6 42. Qxg6+ Kxg6 43. Bxa7 gxf3+ 44. Kf2 Rh7 45. Bb8 Rd7 46. Re6+ Kf5 47. Rd6 Rg7 48. Rd2 Kg4 49. Be5 Rg8 50. Bd4 Kh3 51. Ke3 Re8+ 52. Kf2 Rg8 53. Ke3 Rg1 54. Rf2 Re1+ 55. Kd3 Kg3 56. Bb6 Bd7 57. c4 Bf5+ 58. Kd2 Re6 59. Be3 Ra6 60. Kc1 Re6 61. Kd2 Rd6+ 62. Kc1 Bh3 63. a4 Rd3 64. Bc5 Rxb3 65. Kc2 Ra3 66. Bxa3 Kxf2 67. Bc5+ Ke2 68. a5 Bd7 69. Kc3 Bc6 70. a6 1/2-1/2

[Event "Monastir op"]
[Site "Monastir"]
[Date "2018.09.03"]
[Round "3"]
[White "Mezioud, Amina"]
[Black "Boudriga, Mohamed Ali"]
[Result "0-1"]
[WhiteElo "2056"]
[BlackElo "2376"]
[PlyCount "74"]
[EventDate "2018.09.02"]
[EventType "swiss"]
[EventRounds "9"]
[EventCountry "TUN"]
[SourceTitle "EXT 2019"]
[Source "ChessBase"]
[SourceDate "2018.10.10"]
[SourceVersion "1"]
[SourceVersionDate "2018.10.10"]
[SourceQuality "1"]

1. e4 c5 2. Nf3 e6 3. d4 cxd4 4. Nxd4 a6 5. c4 Nf6 6. Nc3 Bb4 7. Bd3 Nc6 8. Nxc6 dxc6 9. Qc2 e5 10. a3 Be7 11. b4 Be6 12. h3 Nd7 13. c5 a5 14. Rb1 axb4 15. axb4 Bg5 16. 0-0 Bxc1 17. Rfxc1 Qg5 18. Kh1 0-0 19. Qe2 Rfd8 20. Bc4 Nf8 21. Bd3 Ng6 22. Rd1 Nf4 23. Qf3 Ra3 24. Bf1 Rxd1 25. Rxd1 h5 26. Kh2 h4 27. g3 hxg3+ 28. fxg3 Nh5 29. g4 Nf4 30. b5 Qh4 31. bxc6 bxc6 32. Kg1 Bxg4 33. hxg4 Rxc3 34. Qxc3 Qxg4+ 35. Kf2 Qxd1 36. Qxe5 Qd2+ 37. Kf3 Ne6 0-1